Statistics for TV Shows Based on Characters

Click here to take the quiz!

General Stats

  • This quiz has been taken 155 times
  • The average score is 6 of 10

Answer Stats

Characters Show % Correct
Bart, Lisa, Marge, HomerThe Simpsons
95%
Rachel, Phoebe, Ross, Joey, Monica, ChandlerFriends
94%
Dwight, Jim, Pam, Michael Scott, Stanley, OscarThe Office
71%
Walter White, Skyler, Jesse Pinkman, HankBreaking Bad
70%
Jerry, Elaine, Kramer, George, NewmanSeinfeld
62%
Screech, Kelly Kapowski, Zach MorrisSaved by the Bell
60%
Don Draper, Peggy, Pete, Joan, Roger SterlingMadmen
50%
Tony, Carmela, Junior, Meadow, ChristopherThe Sopranos
48%
Michael Bluth, Gob, Tobias, George-MichaelArrested Development
39%
Mac, Charlie, Dennis, Sweet Dee, FrankIt's Always Sunny in Philadelphia
32%

Score Distribution

Percentile by Number Answered

Percent of People with Each Score

Your Score History

You have not taken this quiz